| 000 | 01140cam a2200181 4500500 | ||
|---|---|---|---|
| 005 | 20260201002943.0 | ||
| 041 | _afre | ||
| 042 | _adc | ||
| 100 | 1 | 0 |
_aDelarue, Dimitri _eauthor |
| 700 | 1 | 0 |
_aGallix, Sophie _eauthor |
| 700 | 1 | 0 |
_aGayard, Laurent _eauthor |
| 700 | 1 | 0 |
_aGrenier, Nicolas _eauthor |
| 700 | 1 | 0 |
_aPetit, Marie-Pierre _eauthor |
| 245 | 0 | 0 | _aDestination Sciences Po : Concours commun IEP 2026 |
| 260 |
_bArmand Colin,
_c2025. |
||
| 520 | _aLe manuel le plus complet !Tout le cours en histoire et en anglaisUne synthèse sur les thèmes 2025 de questions contemporaines: Solidarités – Le corpsLa méthodologie de toutes les épreuves10 sujets d’entraînement et annales corrigés pour toutes les épreuves du concours communPréparez-vous à toutes les épreuvesPréparation du dossier Parcoursup: Fonctionnement, attentes des IEPConcours commun des IEP d’Aix-en-Provence, Lille, Lyon, Rennes,Saint-Germain-en-Laye, Strasbourg et Toulouse: Questions contemporaines, Histoire, Anglais | ||
| 856 | 4 | 1 | _uhttps://shs.cairn.info/destination-sciences-po--9782200642105?lang=fr&redirect-ssocas=7080 |
| 999 |
_c1638747 _d1638747 |
||